| 000 | 00741cab a22001815a 4500 | ||
|---|---|---|---|
| 001 | L151247 | ||
| 008 | 101012s2010 xxka f 000 0 eng d | ||
| 035 | _a(Sirsi) u151247 | ||
| 041 | 0 | _aeng | |
| 100 | 1 | _aWinter, Jeremy | |
| 245 | 0 | 0 | _aAre liquidated damages payable post termination? |
| 260 | _c2010 | ||
| 490 |
_aCivil Engineering Surveyor _vOctober 2010, 38-39(2) |
||
| 520 | _aLooks at how the judgment in Hall v van der Heiden (2010) has cast doubt on liability for liquidated damages or general damages for any delay continuing beyond termination; compensating an employer for late completion. | ||
| 651 | 4 |
_aUnited Kingdom _y |
|
| 690 | _aBUILT ENVIRONMENT-CONSTRUCTION MANAGEMENT-BUILDING CONTRACT ADMINISTRATION | ||
| 942 | _n0 | ||
| 999 |
_c82743 _d82743 |
||